[Event "Suduroy International"]
[Site "Vagur AUT"]
[Date "2006.06.24"]
[Round "1"]
[White "Brinck Claussen,B"]
[Black "Ziska,H"]
[Result "1-0"]
[WhiteElo "2359"]
[BlackElo "2306"]

1.e4 c5 2.Nf3 d6 3.d4 cxd4 4.Nxd4 Nf6 5.Nc3 a6 6.Be3 e6 7.Bd3 Nbd7 8.O-O Qc7
9.Qe2 b5 10.f4 b4 11.Nd1 Bb7 12.Nf2 g6 13.Bd2 Qb6 14.c3 Bg7 15.e5 Nd5 16.Nf3 dxe5
17.fxe5 O-O 18.Kh1 bxc3 19.bxc3 Qc7 20.Rae1 Nxc3 21.Rc1 Bxf3 22.Qxf3 Nxe5
23.Qg3 Qd6 24.Bxc3 Rfd8 25.Be2 Rac8 26.Qh4 f5 27.Rcd1 Qb6 28.Bxe5 Bxe5 29.Bc4 Bd4
30.Bxe6+ Qxe6 31.Rxd4 Rxd4 32.Qxd4 Qxa2 33.Re1 Qc4 34.Re8+ Rxe8 35.Qxc4+  1-0

[Event "56th ch-RUS w Top League"]
[Site "Orel RUS"]
[Date "2006.06.30"]
[Round "2"]
[White "Zakurdjaeva,I"]
[Black "Bodnaruk,A"]
[Result "0-1"]
[WhiteElo "2298"]
[BlackElo "2224"]

1.e4 c5 2.Nf3 d6 3.d4 cxd4 4.Nxd4 Nf6 5.Nc3 a6 6.Be3 e5 7.Nf3 Be7 8.Bc4 O-O
9.O-O Qc7 10.Bb3 Nbd7 11.a4 b6 12.Nh4 Nc5 13.Nd5 Nxd5 14.Bxd5 Rb8 15.Nf5 Kh8
16.Ra3 Bxf5 17.exf5 Qd7 18.b4 Nxa4 19.Qh5 Bf6 20.Bc1 g6 21.Qh6 Rg8 22.Rh3 Rg7
23.fxg6 fxg6 24.f4 Qe7 25.f5 g5 26.Ra3 b5 27.Be3 Rc8 28.c4 e4 29.Be6 Rf8
30.Qh5 Bb2 31.Ra2 Qf6 32.cxb5 axb5 33.Qe2 Be5 34.Qxb5 Nc3 35.Qb6 Nxa2 36.Bxa2 Re7
37.b5 Qh6 38.h3 Qh4 39.f6 Rd7 40.Bd4 Qg3 41.Bxe5 Qxe5 42.Qc6 Ra7 43.Qd5 e3
44.Qxe5 dxe5 45.Bc4 Ra4 46.Be2 Ra2 47.Bf3 Rxf6 48.Re1 Ra3 49.Rc1 Rb3 50.Rc8+ Kg7
51.Rc7+ Kf8 52.Be2 Rb1+ 53.Kh2 Rb2  0-1

[Event "FINEC Rector Cup"]
[Site "St Petersburg RUS"]
[Date "2006.06.30"]
[Round "5"]
[White "Trushelyov,V"]
[Black "Biriukov,O"]
[Result "0-1"]
[WhiteElo "2358"]
[BlackElo "2404"]

1.e4 c5 2.Nf3 d6 3.d4 cxd4 4.Nxd4 Nf6 5.Nc3 a6 6.Be3 e6 7.f3 b5 8.g4 h6 9.Qd2 Nbd7
10.h4 b4 11.Nce2 d5 12.Bh3 dxe4 13.f4 Nc5 14.O-O-O Bb7 15.g5 Nd5 16.g6 f5
17.Nxe6 Nxe6 18.Bxf5 Bc5 19.Bxc5 Nxc5 20.Ng3 O-O 21.Nxe4 Rxf5 22.Nxc5 Qe7
23.Nxb7 Qxb7 24.Qd3 Raf8 25.Rhe1 Nxf4 26.Qc4+ Kh8 27.Rd6 Qb5 28.Qc7 Nd5 29.Qa7 Rf1
30.Re6 Nf4 31.Re4  0-1

[Event "TESPO GM"]
[Site "Brno CZE"]
[Date "2006.07.01"]
[Round "2"]
[White "Kalod,R"]
[Black "Kadziolka,B"]
[Result "1/2-1/2"]
[WhiteElo "2495"]
[BlackElo "2359"]

1.e4 c5 2.Nf3 d6 3.d4 cxd4 4.Nxd4 Nf6 5.Nc3 a6 6.Be3 e5 7.Nde2 Be7 8.Ng3 O-O
9.Bc4 Be6 10.Bb3 Nc6 11.O-O Rc8 12.Qd2 Na5 13.Rfd1 Nc4 14.Bxc4 Rxc4 15.Bg5 Qb6
16.b3 Rd4 17.Qe1 Rxd1 18.Rxd1 Rc8 19.Rd3 Qc5 20.Nf1 b5 21.Ne3 Kf8 22.a4 h6
23.Bxf6 Bxf6 24.axb5 axb5 25.Ncd5 Bd8 26.h3 g6 27.Kh2 h5 28.Qd2 Bg5 29.Qa5 Bxe3
30.Nxe3 Ke7 31.Qd2 Qc6 32.Qb4 Qc5  1/2-1/2

[Event "FSGM July"]
[Site "Budapest HUN"]
[Date "2006.07.01"]
[Round "1"]
[White "Varadi,V"]
[Black "Le Quang,K"]
[Result "0-1"]
[WhiteElo "2384"]
[BlackElo "2315"]

1.e4 c5 2.Nf3 d6 3.d4 cxd4 4.Nxd4 Nf6 5.Nc3 a6 6.Be3 e5 7.Nb3 Be6 8.f3 Nbd7
9.Qd2 Be7 10.O-O-O O-O 11.g4 Rc8 12.Kb1 b5 13.g5 Nh5 14.Nd5 Bxd5 15.exd5 Nb6
16.Na5 Qc7 17.Rg1 g6 18.h4 Nxd5 19.Qxd5 Qxa5 20.c4 Bd8 21.cxb5 Bb6 22.Bd2 Qa4
23.b3 Qa3 24.Rg4 axb5 25.Bb4 Qa7 26.Qxb5 Ra8 27.Rd2 Be3 28.Rc2 Rfb8 29.Qc6 Nf4
30.Bb5 Qd4 31.a3 Kg7 32.Rxf4 Bxf4 33.Bc4 Rxb4 34.Qxa8 Qd1+ 35.Kb2 Be3 36.Kc3 Rxc4+
37.bxc4 Bd4+ 38.Kb3 Qb1+  0-1

[Event "Masters"]
[Site "Marseille FRA"]
[Date "2006.07.01"]
[Round "2"]
[White "Sethuraman,S"]
[Black "Savchenko,S"]
[Result "0-1"]
[WhiteElo "2231"]
[BlackElo "2495"]

1.e4 c5 2.Nf3 d6 3.d4 cxd4 4.Nxd4 Nf6 5.Nc3 a6 6.Be3 e5 7.Nb3 Be6 8.f3 Nbd7
9.g4 Nb6 10.g5 Nh5 11.Qd2 Be7 12.O-O-O O-O 13.Rg1 Rc8 14.Kb1 g6 15.h4 Qc7
16.Qf2 Bd8 17.Qd2 Be7 18.Qf2 Bd8 19.Rg2 Nc4 20.Bxc4 Bxc4 21.Qd2 Be7 22.Na4 b5
23.Nb6 Rb8 24.Nd5 Bxd5 25.exd5 f6 26.f4 exf4 27.Bf2 f3 28.Rgg1 fxg5 29.Nd4 Nf4
30.hxg5 Rf7 31.Rg4 Ne2 32.Ne6 Qb7 33.a3 Bf8 34.Rh4 Bg7 35.Rdh1 Be5 36.Qd3 a5
37.Be1 b4 38.axb4 axb4 39.Rf1 Nc3+ 40.Bxc3 bxc3 41.b3 Qa8 42.Nd4 Qxd5 43.Rxf3 Bxd4
44.Rxf7 Rxb3+ 45.Kc1 Ra3 46.Rg7+ Kxg7  0-1

[Event "DS IM"]
[Site "Brno CZE"]
[Date "2006.07.02"]
[Round "3"]
[White "Rada Equiza,M"]
[Black "Jakubowski,K"]
[Result "0-1"]
[WhiteElo "2242"]
[BlackElo "2498"]

1.e4 c5 2.Nf3 d6 3.d4 cxd4 4.Nxd4 Nf6 5.Nc3 a6 6.Be3 e5 7.Nf3 Qc7 8.a4 Be7
9.a5 Be6 10.Be2 O-O 11.O-O Rc8 12.h3 h6 13.Nh2 Nc6 14.Nd5 Bxd5 15.Bb6 Qd7
16.exd5 Nd4 17.c4 Nxe2+ 18.Qxe2 Qf5 19.b3 Nd7 20.Be3 Bg5 21.Qg4 Qxg4 22.Nxg4 f5
23.Bxg5 hxg5 24.Ne3 g6 25.f3 Kf7 26.Rac1 Rab8 27.Rc3 b6 28.axb6 Rxb6 29.Rb1 Rcb8
30.Nc2 a5 31.Na3 Rb4 32.Nb5 Nc5 33.Nxd6+ Kf6 34.Nb5 a4 35.Kf2 axb3 36.Ke2 Ra8
37.g3 Ra2+ 38.Kf1 b2 39.Ra3 Rxa3 40.Nxa3 Rb3 41.Nc2 Na4  0-1

[Event "TESPO GM"]
[Site "Brno CZE"]
[Date "2006.07.02"]
[Round "4"]
[White "Kalod,R"]
[Black "Stopa,Ja"]
[Result "1/2-1/2"]
[WhiteElo "2495"]
[BlackElo "2469"]

1.e4 c5 2.Nf3 d6 3.d4 cxd4 4.Nxd4 Nf6 5.Nc3 a6 6.Be3 e6 7.g4 h6 8.Bg2 e5
9.Nf5 g6 10.h3 d5 11.Qe2 gxf5 12.exf5 Bb4 13.O-O-O Bxc3 14.bxc3 Nc6 15.c4 Qd6
16.cxd5 Qa3+ 17.Kb1 Qb4+ 18.Kc1 Qa3+ 19.Kb1 Qb4+  1/2-1/2

[Event "III Open"]
[Site "Sanxenxo ESP"]
[Date "2006.07.02"]
[Round "8"]
[White "Salgado Lopez,I"]
[Black "Pena Gomez,M"]
[Result "1/2-1/2"]
[WhiteElo "2358"]
[BlackElo "2357"]

1.e4 c5 2.Nf3 d6 3.d4 cxd4 4.Nxd4 Nf6 5.Nc3 a6 6.Be3 e5 7.Nb3 Be6 8.Qd2 Nbd7
9.f3 b5 10.O-O-O Be7 11.g4 b4 12.Ne2 a5 13.g5 Nh5 14.Kb1 a4 15.Nbc1 b3 16.cxb3 axb3
17.Nxb3 O-O 18.Nc3 Nb6 19.Nc1 Nc4 20.Bxc4 Bxc4 21.b3 Be6 22.Rhg1 f5 23.g6 fxe4
24.fxe4 Nf4 25.gxh7+ Kh8 26.Nd3 Qa5 27.Qb2 Bf6 28.Nf2 d5 29.exd5 Bf5+ 30.Ka1 e4
31.Bd4 Nd3 32.Rxd3 exd3 33.Bxf6 Rxf6 34.Nfd1 Bxh7 35.Re1 Raf8 36.b4 Qb6 37.a3 Qd4
38.Ne4 d2 39.Re3 Qxb2+ 40.Kxb2 Rf1 41.Nec3 Re1 42.Rg3 Rff1 43.Kb3 Rxd1  1/2-1/2

[Event "35th TCh-GRE"]
[Site "Ermioni GRE"]
[Date "2006.07.03"]
[Round "1"]
[White "Klokas,K"]
[Black "Aftsoglou,I"]
[Result "0-1"]
[WhiteElo "2193"]
[BlackElo "2235"]

1.e4 c5 2.Nf3 d6 3.d4 cxd4 4.Nxd4 Nf6 5.Nc3 a6 6.Be3 Ng4 7.Bg5 Nf6 8.Bxf6 gxf6
9.Qh5 Nc6 10.Nxc6 bxc6 11.Bc4 e6 12.O-O Qb6 13.Bb3 Qd4 14.Rad1 Qe5 15.Qe2 Qc5
16.Kh1 a5 17.Bc4 a4 18.a3 Be7 19.f4 h5 20.f5 d5 21.exd5 exd5 22.Bxd5 cxd5
23.Rxd5 Ba6 24.Qe4 Bb7 25.Rxc5 Bxe4 26.Nxe4 Bxc5 27.Nxc5 Rc8 28.Nxa4 Rxc2
29.g3 h4 30.g4 h3 31.Nc3 Rxb2 32.Nd5 O-O 33.Nxf6+ Kh8 34.Re1 Rc8 35.Kg1 Rg2+
36.Kf1 Rxh2 37.Kg1 Rg2+ 38.Kf1 Rc4 39.Ne4 Rxg4 40.Nf2 Rcf4 41.Re3 Rh4 42.Ke2 Rxf2+  0-1

[Event "III Open"]
[Site "Sanxenxo ESP"]
[Date "2006.07.03"]
[Round "9"]
[White "Navarro Cia,M"]
[Black "Salgado Lopez,I"]
[Result "1/2-1/2"]
[WhiteElo "2350"]
[BlackElo "2358"]

1.e4 c5 2.Nf3 d6 3.d4 cxd4 4.Nxd4 Nf6 5.Nc3 a6 6.Be3 e5 7.Nb3 Be6 8.f3 Nbd7
9.g4 b5 10.g5 b4 11.Ne2 Nh5 12.Qd2 Be7 13.Ng3 Nf4 14.h4 g6 15.O-O-O h6 16.Nd4 hxg5
17.Nc6 Qc7 18.Nxe7 Kxe7 19.hxg5 Rxh1 20.Nxh1 Rc8 21.Kb1 a5 22.Ba6 Ra8 23.Bb5 Rc8
24.Ba6 Ra8 25.Bb5 Rc8  1/2-1/2

[Event "FINEC Rector Cup"]
[Site "St Petersburg RUS"]
[Date "2006.07.04"]
[Round "9"]
[White "Lanin,A"]
[Black "Biriukov,O"]
[Result "1-0"]
[WhiteElo "2447"]
[BlackElo "2404"]

1.e4 c5 2.Nf3 d6 3.d4 cxd4 4.Nxd4 Nf6 5.Nc3 a6 6.Be3 e6 7.g4 e5 8.Nf5 g6
9.g5 gxf5 10.exf5 d5 11.gxf6 d4 12.Bc4 Qc7 13.Qd3 dxe3 14.O-O-O exf2 15.Bxf7+ Kxf7
16.Qd5+ Kxf6 17.Rhf1 Bh6+ 18.Kb1 Bxf5 19.Rxf2 Rf8 20.Rxf5+ Kxf5 21.Qd3+ Ke6
22.Qh3+ Kf7 23.Qxh6 Ke8 24.Nd5 Qd7 25.Qh5+ Kd8 26.Qg5+ Ke8 27.Qxe5+  1-0

[Event "ch-SWE"]
[Site "Gothenburg SWE"]
[Date "2006.07.05"]
[Round "5"]
[White "Ernst,T"]
[Black "Eriksson,Joh"]
[Result "0-1"]
[WhiteElo "2456"]
[BlackElo "2403"]

1.e4 c5 2.Nf3 d6 3.d4 cxd4 4.Nxd4 Nf6 5.Nc3 a6 6.Be3 e6 7.Qd2 Nc6 8.O-O-O Be7
9.f3 O-O 10.g4 Nxd4 11.Bxd4 b5 12.Kb1 Nd7 13.Rg1 Qc7 14.g5 b4 15.Ne2 Ne5
16.Rg3 Nc4 17.Qe1 e5 18.Bf2 Be6 19.Nc1 a5 20.Bxc4 Qxc4 21.Be3 a4 22.b3 Qb5
23.f4 axb3 24.cxb3 Qc6 25.Qxb4 Rfb8 26.Qd2 exf4 27.Bxf4 Qxe4+ 28.Ka1 Rc8
29.Re1 Qb7 30.Bxd6 Bxd6 31.Qxd6 Rc2 32.Rge3 Raxa2+ 33.Nxa2 Qa8  0-1

[Event "ch-CHN w"]
[Site "Wuxi CHN"]
[Date "2006.07.05"]
[Round "10"]
[White "Wang Pin"]
[Black "Ju Wenjun"]
[Result "1/2-1/2"]
[WhiteElo "2393"]
[BlackElo "2330"]

1.e4 c5 2.Nf3 d6 3.d4 cxd4 4.Nxd4 Nf6 5.Nc3 a6 6.Be3 Ng4 7.Bc1 Nf6 8.Be3 Ng4
9.Bc1 Nf6 10.Be2 e5 11.Nb3 Be7 12.O-O O-O 13.Kh1 b5 14.a4 b4 15.Nd5 Bb7 16.Nxe7+ Qxe7
17.f4 h6 18.Na5 Rd8 19.Qe1 d5 20.Bd2 dxe4 21.Nxb7 Qxb7 22.Bxb4 Nc6 23.Bc3  1/2-1/2

[Event "DS IM"]
[Site "Brno CZE"]
[Date "2006.07.06"]
[Round "8"]
[White "Toma,K"]
[Black "Jakubowski,K"]
[Result "0-1"]
[WhiteElo "2238"]
[BlackElo "2498"]

1.e4 c5 2.Nf3 d6 3.d4 cxd4 4.Nxd4 Nf6 5.Nc3 a6 6.Be3 e5 7.Nf3 Nbd7 8.Bc4 b5
9.Bd5 Rb8 10.Ng5 Nxd5 11.Nxd5 Be7 12.Nf3 Nf6 13.Nxe7 Qxe7 14.Bg5 h6 15.Bxf6 Qxf6
16.Qd3 O-O 17.Rd1 Rd8 18.O-O Bg4 19.a3 Rbc8 20.c3 d5 21.exd5 Bxf3 22.Qxf3 Qxf3
23.gxf3 Rc5 24.d6 Rd7 25.Rfe1 f6 26.Re4 g5 27.a4 Kf7 28.axb5 axb5 29.h4 Ke6
30.hxg5 hxg5 31.Kf1 Rxd6 32.Rxd6+ Kxd6 33.Ke2 Rc8 34.Kd3 Rh8 35.Re1 Ke6 36.Ra1 Kf5
37.Ra6 Rh3 38.Ke2 b4 39.c4 b3 40.Rb6 Rh4 41.Rxb3 Rxc4 42.Rb6 g4 43.fxg4+ Rxg4
44.Kf3 Rh4 45.Ke3 Re4+ 46.Kf3 Re1 47.Rb5 Kg5 48.Kg3 Kf5 49.Kf3 Kg6 50.Rb8 Kg5
51.Rg8+ Kf5 52.Rb8 e4+ 53.Kg2 Kf4 54.Rb4 f5 55.Rb3 Rd1 56.Rc3 Rd2 57.Rb3 Kg4
58.Re3 Kh4 59.Rh3+ Kg5 60.Rg3+ Kf6 61.Rb3 f4 62.Kg1 Kf5 63.Rb5+ Kg4 64.Rb3 f3
65.Rb8 Rd1+ 66.Kh2 e3 67.Rg8+ Kh5 68.fxe3 f2 69.Rh8+ Kg6  0-1

[Event "FSGM July"]
[Site "Budapest HUN"]
[Date "2006.07.06"]
[Round "6"]
[White "Varadi,V"]
[Black "Horvath,And"]
[Result "1-0"]
[WhiteElo "2384"]
[BlackElo "2322"]

1.e4 c5 2.Nf3 d6 3.d4 cxd4 4.Nxd4 Nf6 5.Nc3 a6 6.Be3 e6 7.f3 b5 8.Qd2 Nbd7
9.O-O-O Bb7 10.g4 h6 11.h4 b4 12.Na4 Qa5 13.b3 Nc5 14.a3 Nxa4 15.axb4 Qc7
16.bxa4 d5 17.e5 Nd7 18.f4 Nb6 19.f5 Nxa4 20.fxe6 Nc3 21.exf7+ Kxf7 22.Bd3 Bxb4
23.Rdf1+ Kg8 24.Qf2 Re8 25.e6 Rf8 26.Qf7+ Rxf7 27.exf7+ Qxf7 28.Rxf7 Kxf7
29.Rf1+ Ke7 30.Nf5+ Kd7 31.Nxg7 Ba3+ 32.Kd2 Ne4+ 33.Bxe4 dxe4 34.Rf7+ Kc8
35.Bf4 Bd5 36.Rc7+ Kd8 37.c4 Bg8 38.Ra7 Bb4+ 39.Kc2 Bf8 40.Ra8+ Ke7 41.Nf5+ Kf7
42.Be5 Rh7 43.h5  1-0

[Event "56th ch-RUS w Top League"]
[Site "Orel RUS"]
[Date "2006.07.06"]
[Round "8"]
[White "Zakurdjaeva,I"]
[Black "Ubiennykh,E"]
[Result "0-1"]
[WhiteElo "2298"]
[BlackElo "2282"]

1.e4 c5 2.Nf3 d6 3.d4 cxd4 4.Nxd4 Nf6 5.Nc3 a6 6.Be3 e5 7.Nb3 Be7 8.f3 Be6
9.Qd2 O-O 10.O-O-O Nbd7 11.g4 b5 12.g5 b4 13.Ne2 Ne8 14.Kb1 a5 15.f4 a4 16.Nbc1 Nb6
17.Bxb6 Qxb6 18.f5 Bd7 19.Ng3 b3 20.cxb3 axb3 21.Bc4 bxa2+ 22.Nxa2 Ra4 23.Bd5 Nc7
24.Nc3 Rd4 25.Qg2 Rb8 26.g6 Rb4 27.gxf7+ Kf8 28.Rd2 Bg5 29.Nh5 Qe3 30.Rc2 Nb5
31.Nxb5 Bxb5 32.f6 g6 33.Ng7 Bd7 34.Rd1 Ra4 35.Ne6+ Bxe6 36.Bxe6 Qa7 37.Rc3 Ra1+
38.Kc2 Rxd1 39.Qxg5 Rxb2+ 40.Kxb2 Qa1+ 41.Kb3 Rb1+ 42.Kc2 Rb2+ 43.Kd3 Qf1+
44.Ke3 Qe2+  0-1

[Event "XXIV Andorra Open"]
[Site "Andorra la Vella AND"]
[Date "2006.07.08"]
[Round "1"]
[White "De la Villa Garcia,J"]
[Black "Nunes,L"]
[Result "1-0"]
[WhiteElo "2461"]
[BlackElo "2054"]

1.e4 c5 2.Nf3 d6 3.d4 cxd4 4.Nxd4 Nf6 5.Nc3 a6 6.Be3 e5 7.Nf3 Be7 8.Bc4 Be6
9.Bxe6 fxe6 10.Ng5 Qd7 11.Qf3 d5 12.O-O-O d4 13.Bxd4 exd4 14.e5 Qc6 15.Nce4 Nxe4
16.Qf7+ Kd7 17.Rxd4+ Kc8 18.Nxe4  1-0

[Event "DS IM"]
[Site "Brno CZE"]
[Date "2006.07.09"]
[Round "11"]
[White "Jakubowski,K"]
[Black "Cerveny,M"]
[Result "1/2-1/2"]
[WhiteElo "2498"]
[BlackElo "2231"]

1.e4 c5 2.Nf3 d6 3.d4 cxd4 4.Nxd4 Nf6 5.Nc3 a6 6.Be3 e5 7.Nb3 Be6 8.f3 Nbd7
9.g4 Nb6 10.g5 Nh5 11.Qd2 Be7 12.O-O-O O-O 13.Rg1 Rc8 14.Kb1 g6 15.h4 Qc7
16.f4 exf4 17.Bxf4 Nxf4 18.Qxf4 f6 19.Nd4 fxg5 20.Qh2 Bc4 21.Bh3 Rce8 22.Be6+ Kh8
23.hxg5 Bd8 24.Nd5 Bxd5 25.exd5 Nc4 26.c3 Ne5 27.Qg3 Qe7 28.Rg2 Bb6 29.Rh1 Bxd4
30.cxd4 Nf3 31.Rf2 Nxg5 32.Rfh2 Rf3 33.Rxh7+ Nxh7 34.Qxf3 Rf8 35.Qh3 Rf4
36.a3  1/2-1/2

[Event "21st North Sea Cup"]
[Site "Esbjerg DEN"]
[Date "2006.07.09"]
[Round "2"]
[White "Munksgaard,D"]
[Black "Szuhanek,R"]
[Result "0-1"]
[WhiteElo "1890"]
[BlackElo "2452"]

1.e4 c5 2.Nf3 d6 3.d4 cxd4 4.Nxd4 Nf6 5.Nc3 a6 6.Be3 e5 7.Nb3 Be6 8.f3 Nbd7
9.Qd2 Be7 10.Be2 O-O 11.g4 b5 12.O-O-O Nb6 13.Bxb6 Qxb6 14.Nd5 Bxd5 15.exd5 Rfc8
16.Kb1 a5 17.Bd3 a4 18.Nc1 a3 19.b3 Qd4 20.c3 Rxc3 21.Qe2 Qc5 22.Qd2 e4 23.fxe4 Nxg4
24.Rhf1 Ne3 25.e5 dxe5 26.d6 Bxd6 27.Rg1 Nxd1 28.Rxg7+ Kxg7 29.Qg2+ Kf6 30.Qf3+ Ke7  0-1

[Event "XXIV Andorra Open"]
[Site "Andorra la Vella AND"]
[Date "2006.07.10"]
[Round "3"]
[White "Sethuraman,S"]
[Black "Satyapragyan,S"]
[Result "1-0"]
[WhiteElo "2290"]
[BlackElo "2431"]

1.e4 c5 2.Nf3 d6 3.d4 Nf6 4.Nc3 cxd4 5.Nxd4 a6 6.Be3 e6 7.f3 b5 8.g4 h6 9.Qd2 b4
10.Na4 Nbd7 11.O-O-O Qa5 12.b3 Bb7 13.a3 Qc7 14.axb4 d5 15.b5 dxe4 16.bxa6 Bxa6
17.Nb5 Qc6 18.Qa5 Ba3+ 19.Nxa3 Bxf1 20.Qd2 Ba6 21.fxe4 Bb7 22.Qb4 Ba6 23.g5 hxg5
24.Bxg5 Rb8 25.Qa5 O-O 26.Rhg1 Rfc8 27.Bxf6 Nxf6 28.Qg5 Ne8 29.Qe3 e5 30.Rd5 Rb4
31.Rxe5 f6 32.Re7 Qd6 33.Qa7 g5 34.e5 Qd4 35.Qxd4 Rxd4 36.exf6 Nxf6 37.Rxg5+  1-0

[Event "Open"]
[Site "Condom FRA"]
[Date "2006.07.10"]
[Round "4"]
[White "Massoni,M"]
[Black "Maenhout,T"]
[Result "0-1"]
[WhiteElo "2047"]
[BlackElo "2384"]

1.e4 c5 2.Nf3 d6 3.d4 cxd4 4.Nxd4 Nf6 5.Nc3 a6 6.Be3 e5 7.Nb3 Be6 8.Be2 Be7
9.O-O O-O 10.f4 exf4 11.Bxf4 Nc6 12.Qe1 b5 13.Rd1 Qb6+ 14.Kh1 Ne5 15.Qg3 b4
16.Nd5 Bxd5 17.exd5 Ng6 18.Be3 Qc7 19.Nd4 Nxd5 20.Bf3 Nxe3 21.Bxa8 Nxf1 22.Rxf1 Rxa8  0-1

[Event "35th TCh-GRE"]
[Site "Ermioni GRE"]
[Date "2006.07.10"]
[Round "9"]
[White "Andrikopoulou,E"]
[Black "Borosova,Z"]
[Result "0-1"]
[WhiteElo "1557"]
[BlackElo "2210"]

1.e4 c5 2.Nf3 d6 3.d4 cxd4 4.Nxd4 Nf6 5.Nc3 a6 6.Be3 e5 7.Nf3 Be6 8.Be2 h6
9.O-O Be7 10.h3 O-O 11.Qd2 Nbd7 12.Rad1 Rc8 13.Ne1 Nc5 14.Bd3 b5 15.a3 Nxd3
16.cxd3 d5 17.exd5 Nxd5 18.Nxd5 Bxd5 19.Nc2 Qd7 20.Rc1 Bb7 21.Rfd1 Rc6 22.Kf1 Rg6
23.f3 Bxf3 24.gxf3 Qxh3+ 25.Ke2 Rg2+ 26.Bf2 Rxf2+ 27.Kxf2 Qh2+ 28.Kf1 Qh1+
29.Kf2 Bh4+ 30.Ke3 Bg5+ 31.Ke4 f5+ 32.Kxe5 Qxf3 33.Qb4 Re8+ 34.Kd4 Bf6+ 35.Kc5 Rc8+  0-1

[Event "FSIM July"]
[Site "Budapest HUN"]
[Date "2006.07.11"]
[Round "11"]
[White "Nagy,Ben"]
[Black "Galyas,M"]
[Result "1/2-1/2"]
[WhiteElo "2355"]
[BlackElo "2390"]

1.e4 c5 2.Nf3 d6 3.d4 cxd4 4.Nxd4 Nf6 5.Nc3 a6 6.Be3 e5 7.Nb3 Be6 8.Qd2 Nbd7
9.f3 b5 10.a4 b4 11.Nd5 Bxd5 12.exd5 Nb6 13.Bxb6 Qxb6 14.a5 Qb7 15.Bc4 g6
16.Ra4 Rb8 17.Nc1 h5 18.Na2 Bh6 19.Qxb4 Qc7 20.Qc3 Nd7 21.Nb4 Nc5 22.Ra2 O-O
23.Nc6 Rbe8 24.b4 Nd7 25.Bxa6 Nf6 26.Bc4 Bg7 27.O-O e4 28.Qb3 exf3 29.gxf3 Bh6
30.b5 Qd7 31.c3 Qh3 32.Rg2 Be3+ 33.Kh1 h4 34.b6 Nh5 35.Qc2 Kg7 36.Rff2 Ng3+
37.Kg1 Nf5 38.Be2 Bc5 39.Qd3 Re3 40.Qd2 Ng3 41.Nd4 Nxe2+ 42.Rxe2 Rxf3 43.Re7 Qf5
44.Rf2 Qg4+ 45.Kh1 Bxd4 46.cxd4 Qf5 47.Rxf3 Qxf3+ 48.Kg1 Qg4+ 49.Kh1  1/2-1/2

[Event "COQ"]
[Site "Montreal CAN"]
[Date "2006.07.11"]
[Round "5"]
[White "Arsenault,N"]
[Black "Masse,H"]
[Result "0-1"]
[WhiteElo "2113"]
[BlackElo "2178"]

1.e4 c5 2.Nf3 d6 3.d4 cxd4 4.Nxd4 Nf6 5.Nc3 a6 6.Be3 e5 7.Nb3 Be6 8.f3 Be7
9.Qd2 O-O 10.O-O-O Nbd7 11.g4 b5 12.g5 b4 13.Nd5 Nxd5 14.exd5 Bf5 15.Kb1 a5
16.Nc1 Nb6 17.h4 Qb8 18.Bxb6 Qxb6 19.Bd3 Bxd3 20.Qxd3 Qa6 21.Ne2 Qxd3 22.Rxd3 f6
23.f4 exf4 24.g6 hxg6 25.Nxf4 Kf7 26.Rg1 g5 27.Ne6 Rh8 28.hxg5 fxg5 29.a3 Bf6
30.Nxg5+ Kg8 31.Ne4 Be5 32.Nd2 Rc8 33.a4 Rh2 34.b3 Rc5 35.Nc4 Rh5 36.Rgd1 Kh7
37.Rg1 Kg8 38.Rgd1 Rf5 39.Re1 Bf6 40.Red1 Be5 41.Re1 Bf4 42.Rf1 g5 43.Nxd6 Rfxd5
44.Nc4 Kg7 45.Rfd1 Rxd3 46.cxd3 g4 47.Rg1 g3 48.Kc2 Rg5 49.Rg2 Kg6 50.Kd1 Kh5
51.Ke2 Kg4 52.Rg1 Rh5 53.Ne3+ Bxe3 54.Kxe3 Rh2 55.d4 Rb2 56.d5 Rxb3+ 57.Kd4 Rb2
58.d6 Rd2+ 59.Kc5 b3 60.Kb5 b2 61.Kxa5 g2 62.Kb4 Kg3 63.Kc3 Kf2 64.Kxd2 Kxg1
65.d7 b1=Q 66.d8=Q Qa2+ 67.Ke1 Qf2+ 68.Kd1 Qf3+ 69.Ke1 Qe3+ 70.Kd1 Qf3+ 71.Ke1 Qe4+
72.Kd2 Qf4+ 73.Ke2 Qg4+ 74.Ke1 Kh2 75.Qh8+ Qh3 76.Qb2 Qe3+ 77.Kd1 Qg1+ 78.Ke2 Qf1+
79.Ke3 Qe1+ 80.Kf3 Qd1+ 81.Ke3 Qh5 82.Kf2 g1=Q+  0-1

[Event "6th TCh-Euro u18"]
[Site "Balatonlelle HUN"]
[Date "2006.07.12"]
[Round "1"]
[White "Baratosi,D"]
[Black "Brkic,A"]
[Result "0-1"]
[WhiteElo "2329"]
[BlackElo "2547"]

1.e4 c5 2.Nf3 d6 3.d4 Nf6 4.Nc3 cxd4 5.Nxd4 a6 6.Be3 e6 7.f3 Nc6 8.Qd2 Be7
9.g4 O-O 10.O-O-O Nxd4 11.Qxd4 Nd7 12.g5 b5 13.f4 Qa5 14.a3 Bb7 15.Bd2 Qc7
16.Bd3 Nc5 17.Rhg1 e5 18.Qe3 exf4 19.Qh3 Qc8 20.Qxc8 Nxd3+ 21.cxd3 Raxc8
22.Bxf4 d5 23.Kb1 dxe4 24.dxe4 Bxa3 25.Nd5 Bc5 26.Rge1 Rfe8 27.h4 Bf8 28.b3 Rc5
29.h5 a5 30.h6 Bxd5 31.exd5 Rxe1 32.Rxe1 Rxd5 33.Re8 gxh6 34.gxh6 f6 35.Ra8 Kf7
36.Rxa5 Kg6 37.Ra6 Rf5  0-1

[Event "XXIV Andorra Open"]
[Site "Andorra la Vella AND"]
[Date "2006.07.13"]
[Round "6"]
[White "Satyapragyan,S"]
[Black "Cabrera Trujillo,J"]
[Result "1-0"]
[WhiteElo "2431"]
[BlackElo "2228"]

1.e4 c5 2.Nf3 d6 3.d4 cxd4 4.Nxd4 Nf6 5.Nc3 a6 6.Be3 e5 7.Nf3 Be7 8.Bc4 O-O
9.O-O Be6 10.Bb3 Qc7 11.Qe2 b5 12.Rfd1 Rc8 13.a3 Nbd7 14.Bg5 Bf8 15.Nh4 Qb7
16.Bxf6 Nxf6 17.Nd5 Nxd5 18.Bxd5 Bxd5 19.Rxd5 g6 20.c3 f5 21.g3 Rc4 22.f3 Rac8
23.Rad1 fxe4 24.fxe4 a5 25.Qg4 b4 26.axb4 axb4 27.Rf1 bxc3 28.bxc3 Qxd5 29.Nxg6 Bg7  1-0

[Event "XXIV Andorra Open"]
[Site "Andorra la Vella AND"]
[Date "2006.07.13"]
[Round "6"]
[White "Sethuraman,S"]
[Black "Del Rio Angelis,S"]
[Result "1/2-1/2"]
[WhiteElo "2290"]
[BlackElo "2514"]

1.e4 c5 2.Nf3 d6 3.d4 cxd4 4.Nxd4 Nf6 5.Nc3 a6 6.Be3 e6 7.f3 h5 8.Qd2 Nbd7
9.O-O-O b5 10.Bg5 Bb7 11.Kb1 Be7 12.Bd3 Rc8 13.Rhe1 b4 14.Nd5 Nxd5 15.exd5 Bxg5
16.f4 Bxd5 17.fxg5 O-O 18.g6 Ne5 19.Be4 Bxe4 20.gxf7+ Rxf7 21.Rxe4 Nc4 22.Qe2 e5
23.Ne6 Qe7 24.Rxc4 Qxe6 25.Rxc8+ Qxc8 26.Rxd6 Qc5 27.Rd1 Rf2 28.Rd8+ Rf8
29.Rd1 Rf2 30.Rd8+ Rf8  1/2-1/2

[Event "ch-NOR"]
[Site "Moss NOR"]
[Date "2006.07.13"]
[Round "7"]
[White "Gabrielsen,S"]
[Black "Elsness,F"]
[Result "1/2-1/2"]
[WhiteElo "2288"]
[BlackElo "2428"]

1.e4 c5 2.Nf3 d6 3.d4 cxd4 4.Nxd4 Nf6 5.Nc3 a6 6.Be3 e6 7.f3 b5 8.g4 Nfd7
9.Qd2 Nb6 10.a4 Nc4 11.Bxc4 bxc4 12.h4 Bb7 13.O-O-O Nd7 14.Rhe1 Qa5 15.Kb1 Nc5
16.Ndb5 axb5 17.Bxc5 bxa4 18.Ba3 Be7 19.g5 Rd8 20.f4 Qb6 21.f5 Rd7 22.Rf1 Bc6
23.f6 Bf8 24.Nd5 exd5 25.exd5 Bb5 26.Qc3 Rg8 27.Bb4 Ra7 28.Rde1+ Kd8 29.Rf4 gxf6
30.Qxf6+ Be7 31.Rxe7 Rxe7 32.Bxd6 Qb7 33.Re4 Re8 34.Rxe7 Rxe7 35.Bxe7+ Ke8
36.d6 a3 37.h5 Ba4 38.Qc3 axb2 39.Qxb2 Qxb2+ 40.Kxb2 Bd7 41.Kc3 Bf5 42.Kxc4 Bxc2
43.Kd5 Kd7 44.Ke5 Bd1 45.g6 fxg6 46.h6 g5 47.Bxg5  1/2-1/2

[Event "XXIV Andorra Open"]
[Site "Andorra la Vella AND"]
[Date "2006.07.14"]
[Round "7"]
[White "Saptarshi,R"]
[Black "Comas Fabrego,L"]
[Result "0-1"]
[WhiteElo "2373"]
[BlackElo "2495"]

1.e4 c5 2.Nf3 d6 3.d4 Nf6 4.Nc3 cxd4 5.Nxd4 a6 6.Be3 e5 7.Nb3 Be6 8.f3 h5
9.Nd5 Bxd5 10.exd5 Nbd7 11.c4 g6 12.Qd2 Bg7 13.Na5 Qc7 14.Rc1 b6 15.Nc6 Nb8
16.Nxb8 Rxb8 17.b4 O-O 18.c5 bxc5 19.bxc5 dxc5 20.Bxa6 Nxd5 21.Rxc5 Qb6 22.Rxd5 Qxa6
23.Kf2 e4 24.Rc1 exf3 25.gxf3 Qe6 26.Rd6 Qh3 27.Kg1 Rfe8 28.Qf2 Rb5 29.Rd3 Rbe5
30.Re1 Qe6 31.f4 Re4 32.Qd2 Bh6 33.Rd6 Qg4+  0-1

[Event "Open"]
[Site "Condom FRA"]
[Date "2006.07.14"]
[Round "8"]
[White "Sanchez,Joseph"]
[Black "Maenhout,T"]
[Result "1-0"]
[WhiteElo "2466"]
[BlackElo "2384"]

1.e4 c5 2.Nf3 d6 3.d4 cxd4 4.Nxd4 Nf6 5.Nc3 a6 6.Be3 e5 7.Nb3 Be6 8.f3 Be7
9.Qd2 O-O 10.O-O-O Nbd7 11.g4 b5 12.g5 b4 13.Ne2 Ne8 14.Ng3 a5 15.Kb1 a4
16.Nc1 b3 17.Nf5 bxc2+ 18.Kxc2 d5 19.Nxe7+ Qxe7 20.exd5 Bf5+ 21.Bd3 Nd6 22.Bxf5 Nxf5
23.Rhe1 Rab8 24.Kb1 Nd6 25.Qd3 Rfc8 26.Qa3 Nb6 27.Bxb6 Rxb6 28.Nd3 Qb7 29.Rc1 Rxc1+
30.Rxc1 Qxd5 31.Qc3 g6 32.Nxe5 a3 33.Ng4 Rxb2+ 34.Qxb2 axb2 35.Nf6+ Kf8 36.Rc8+ Nxc8
37.Nxd5 Ke8 38.Kxb2 Kd7 39.Kc3 Ke6 40.Kd4 Kf5 41.h4  1-0

[Event "XXIV Andorra Open"]
[Site "Andorra la Vella AND"]
[Date "2006.07.15"]
[Round "8"]
[White "De la Villa Garcia,J"]
[Black "Del Rio Angelis,S"]
[Result "1/2-1/2"]
[WhiteElo "2452"]
[BlackElo "2514"]

1.e4 c5 2.Nf3 d6 3.d4 cxd4 4.Nxd4 Nf6 5.Nc3 a6 6.Be3 Nc6 7.f3 e6 8.Qd2 Be7
9.g4 O-O 10.O-O-O Nxd4 11.Qxd4 b5 12.g5 Nd7 13.h4 Qa5 14.Kb1 b4 15.Ne2 Bb7
16.h5 Ne5 17.h6 Qc5 18.hxg7 Rfc8 19.Qxc5 dxc5 20.Bg2 Rd8 21.Ng3 Rxd1+ 22.Rxd1 Kxg7
23.b3 Rd8 24.Rxd8 Bxd8 25.Bxc5 Bxg5 26.Bxb4 Ng6 27.Bd6 f5 28.exf5 exf5 29.Nxf5+ Kf6
30.Nd4 Be3 31.c3 Nh4 32.Bh1 Bxd4 33.cxd4 Nxf3 34.Kb2 Ke6 35.Bb8 Bd5 36.Bg2 Nxd4
37.Bf1 a5 38.Kc3 Nc6 39.Bh3+ Ke7  1/2-1/2

[Event "Open A"]
[Site "Banska Stiavnica SVK"]
[Date "2006.07.15"]
[Round "8"]
[White "Bauma,J"]
[Black "Talla,V"]
[Result "0-1"]
[WhiteElo "2211"]
[BlackElo "2426"]

1.e4 c5 2.Nf3 d6 3.d4 cxd4 4.Nxd4 Nf6 5.Nc3 a6 6.Be3 e5 7.Nde2 Be7 8.f3 Be6
9.Nd5 Bxd5 10.exd5 Nbd7 11.c4 Rc8 12.Nc3 O-O 13.Qd2 Nh5 14.O-O-O f5 15.Kb1 Nb6
16.b3 Nd7 17.Rc1 g6 18.Be2 a5 19.Na4 b6 20.Rhd1 Rb8 21.a3 Rb7 22.Kc2 Qa8
23.Rb1 Bf6 24.Rb2 Rfb8 25.Ra2  0-1